Statistics for Countries with most Formula One Drivers

Click here to take the quiz!

General Stats

  • This quiz has been taken 370 times
    (164 since last reset)
  • The average score is 27 of 40

Answer Stats

DriversAnswer% Correct
161United Kingdom
99%
31Brazil
98%
99Italy
98%
52Germany
96%
71France
95%
158United States
92%
15Spain
91%
25Argentina
89%
17Australia
88%
17Netherlands
85%
16Austria
82%
14Canada
81%
9Finland
80%
24Belgium
76%
20Japan
76%
Lewis Hamilton (7)
76%
6Mexico
76%
9New Zealand
74%
Michael Schumacher (7)
73%
Ayrton Senna / Nelson Piquet (3)
72%
10Sweden
69%
Alain Prost (4)
67%
Fernando Alonso (2)
62%
Juan Manuel Fangio (5)
62%
Max Verstappen (3)
61%
23South Africa
59%
Phil Hill / Mario Andretti (1)
58%
24Switzerland
58%
Niki Lauda (3)
57%
Alberto Ascari (2)
56%
Mika Häkkinen (2)
53%
Jacques Villeneuve (1)
50%
Jack Brabham (3)
46%
Jacky Ickx (0)
41%
Jody Scheckter (1)
41%
Denny Hulme (1)
40%
Ronnie Peterson (0)
35%
Pedro Rodríguez
30%
Clay Regazzoni (0)
28%
Ukyo Katayama (0)
9%

Score Distribution

Percentile by Number Answered

Percent of People with Each Score

Your Score History

You have not taken this quiz since the last reset